000 00561nam a22002297a 4500
003 UA-OsUOA
001 98757
007 ta
008 20130417b un ||||| |||| 00| 0 ukr d
100 _aСтейбек Дж.
090 _a821.111
_bС79
942 _cBK
040 _aUA-OsUOA
_brus
_cUA-OsUOA
_dUA-OsUOA
245 _aГроздья гнева. Зима тревоги нашей
_bроманы
300 _a752 с.
955 _a3
041 _arus
080 _a821.111
260 _aМ.
_bПравда
_c1987
650 7 _2UDC
999 _c384721
_d384721